000 00763nam a2200253 i 4500
001 89110
003 ES-MaACL
005 20240509063059.0
007 t|
008 050201s2004 sp ||||1| spa d
020 _a84-414-1462-9
080 _a82-312.9.09
080 _a159.942.52(0:82)
100 0 _aMartínez de Mingo, Luis,
_d1948-
_978020
245 1 0 _aMiedo y literatura /
_cLuis Martínez de Mingo.
260 _aMadrid :
_bEdaf,
_c[2004]
300 _a203 p. ;
_c21 cm.
490 1 _aEdaf ensayo ;
_v21
650 1 4 _aLiteratura fantástica-
_xHistoria y crítica.
_914581
650 1 4 _aMiedo-
_xEn la literatura.
_915035
830 0 _aEdaf ensayo ;
_v21
_9180510
852 _aES-MaACL
_jL-28758
_bR.134886
999 _c89110
_d89110